History Quiz

Random History or Year Quiz

Historical Events of 1941 Quiz Stats

 Plays Quiz Updated Dec 7, 2018

     
Support Sporcle.
Go Orange.
Score 0/22 Timer 07:00
2 Plays Today
Date Answer % Correct
January 20thFranklin D. Roosevelt
94.7%
February 9thWinston Churchill
88.4%
December 7thPearl Harbor
87%
September 6thStar of David
77%
June 2ndLou Gehrig
67.1%
August 1stJeep
65.7%
April 13thSoviet Union
64.7%
December 19thAdolf Hitler
61.4%
January 13thJames Joyce
55.5%
July 26thGeneral Douglas MacArthur
55.2%
October 31stMount Rushmore
53.4%
Date Answer % Correct
July 17thJoe DiMaggio
48.5%
May 1stCitizen Kane
42.4%
May 6thCheerios
41.9%
March 11thLend-Lease Act
33.7%
February 23rdPlutonium
33.4%
June 22ndOperation Barbarossa
30%
October 23rdDumbo
17.4%
April 28thAnn-Margret
14.5%
March 1stNashville
6.8%
November 14thHMS Ark Royal
6.5%
November 26thLebanon
4.7%

From the Vault

'Woman' Songs

by DesertSpartan

Music 5m
These songs don't need no man.
Remove Ads.
Support Sporcle.
Get the best of Sporcle when you Go Orange. This ad-free experience offers more features, more stats, and more fun while also helping to support Sporcle. Thank you for becoming a member.

Show Comments

Extras

Top Quizzes Today


Score Distribution

Your Account Isn't Verified!

In order to create a playlist on Sporcle, you need to verify the email address you used during registration. Go to your Sporcle Settings to finish the process.

Report this User

Report this user for behavior that violates our Community Guidelines.

Details: